Construction - more sustainable? (Record no. 73926)

MARC details
000 -LEADER
fixed length control field 01114cam a2200217 4500
001 - CONTROL NUMBER
control field WB3946-02
008 - FIXED-LENGTH DATA ELEMENTS--GENERAL INFORMATION
fixed length control field 031204n2003 000 0 eng u
035 ## - SYSTEM CONTROL NUMBER
System control number (Sirsi) u124566
245 ## - TITLE STATEMENT
Title Construction - more sustainable?
260 ## - PUBLICATION, DISTRIBUTION, ETC.
Date of publication, distribution, etc. 2003
490 ## - SERIES STATEMENT
Series statement BRE News Release
Volume/sequential designation 3 December 2003 (2)
520 ## - SUMMARY, ETC.
Summary, etc. The Sustainable Construction Task Group has published a report concluding that most construction industry firms are ignorant of the business benefits of sustainable practices. The report includes case studies, a list of reference material and links to relevant organisations for more information on sustainability. "The UK construction industry towards more sustainable construction 2000-2003" is available from the Sustainable Construction pafe of the BRE web site http://www.bre.co.uk/services/Sustainable_construction.html.
590 ## - LOCAL NOTE (RLIN)
Local note WB
650 ## - SUBJECT ADDED ENTRY--TOPICAL TERM
Topical term or geographic name entry element SUSTAINABLE CONSTRUCTION
650 ## - SUBJECT ADDED ENTRY--TOPICAL TERM
Topical term or geographic name entry element CONSTRUCTION INDUSTRY
650 ## - SUBJECT ADDED ENTRY--TOPICAL TERM
Topical term or geographic name entry element BENEFITS
650 ## - SUBJECT ADDED ENTRY--TOPICAL TERM
Topical term or geographic name entry element SUSTAINABLE CONSTRUCTION TASK GROUP
650 ## - SUBJECT ADDED ENTRY--TOPICAL TERM
Topical term or geographic name entry element Sustainability
9 (RLIN) 6271
690 ## - LOCAL SUBJECT ADDED ENTRY--TOPICAL TERM (OCLC, RLIN)
Topical term or geographic name as entry element BUILDING AND CONSTRUCTION-SUSTAINABLE
942 ## - ADDED ENTRY ELEMENTS (KOHA)
Suppress in OPAC 0
Holdings
Withdrawn status Lost status Source of classification or shelving scheme Damaged status Not for loan Home library Current library Shelving location Date acquired Total Checkouts Full call number Barcode Date last seen Copy number Price effective from Koha item type
    Dewey Decimal Classification     London London News article 04/12/2003   WB3946-02 124566-1001 06/08/2019 1 06/08/2019 News article